[Event "Sachsen-Anhalt-ch Seniors 13th "]
[Site "Osterburg"]
[Date "2005.06.13"]
[Round "4"]
[White "Reimann, Hubert"]
[Black "Ahlers, Dieter"]
[Result "1-0"]
[WhiteElo "1876"]
[BlackElo "1711"]
[PlyCount "71"]
[EventDate "2005.06.10"]
[EventType "swiss"]
[EventRounds "7"]
[EventCountry "GER"]
[SourceTitle "EXT 2007"]
[Source "ChessBase"]
[SourceDate "2006.11.23"]
[SourceVersion "1"]
[SourceVersionDate "2006.11.23"]
[SourceQuality "1"]

1. d4 Nf6 2. c4 e6 3. Nc3 d5 4. e3 Be7 5. Nf3 0-0 6. Qc2 b6 7. b3 Bb7 8. Bd3 h6 9. Bb2 Nc6 10. a3 a6 11. 0-0 Re8 12. Rad1 Bf8 13. e4 Ne7 14. cxd5 exd5 15. e5 Nd7 16. Rde1 c5 17. e6 fxe6 18. Bh7+ Kh8 19. Rxe6 Nf6 20. Ne5 Nxh7 21. Nf7+ Kg8 22. Nxd8 Raxd8 23. Rxb6 cxd4 24. Rxb7 dxc3 25. Qxc3 Nf6 26. Qh3 Rd6 27. Bxf6 Rxf6 28. Re1 Rc6 29. g3 Rd6 30. Re6 Rdd8 31. Rxa6 d4 32. Rd7 Nc8 33. Qf5 Be7 34. Qd5+ Kh8 35. Qxd4 Bf6 36. Rxf6 1-0

[Event "Sachsen-Anhalt-ch Seniors 13th "]
[Site "Osterburg"]
[Date "2005.06.12"]
[Round "3"]
[White "Ahlers, Dieter"]
[Black "Konerding, Klaus"]
[Result "1/2-1/2"]
[WhiteElo "1711"]
[BlackElo "1774"]
[PlyCount "45"]
[EventDate "2005.06.10"]
[EventType "swiss"]
[EventRounds "7"]
[EventCountry "GER"]
[SourceTitle "EXT 2007"]
[Source "ChessBase"]
[SourceDate "2006.11.23"]
[SourceVersion "1"]
[SourceVersionDate "2006.11.23"]
[SourceQuality "1"]

1. e4 e6 2. Nf3 d5 3. exd5 exd5 4. Be2 Bd6 5. d4 Ne7 6. Nc3 c6 7. Bg5 f6 8. Be3 0-0 9. Bd3 Bf5 10. 0-0 Qc7 11. Ne2 Nd7 12. Ng3 Bxd3 13. Qxd3 Rae8 14. Rfe1 f5 15. Bg5 g6 16. Re6 f4 17. Bxe7 Rxe7 18. Rxe7 Bxe7 19. Re1 Nf6 20. Nf1 Bd6 21. N1d2 Re8 22. Rxe8+ Nxe8 23. Qe2 1/2-1/2

[Event "Sachsen-Anhalt-ch Seniors 13th "]
[Site "Osterburg"]
[Date "2005.06.11"]
[Round "2"]
[White "Kielstein, Hans"]
[Black "Ahlers, Dieter"]
[Result "0-1"]
[WhiteElo "1762"]
[BlackElo "1711"]
[PlyCount "76"]
[EventDate "2005.06.10"]
[EventType "swiss"]
[EventRounds "7"]
[EventCountry "GER"]
[SourceTitle "EXT 2007"]
[Source "ChessBase"]
[SourceDate "2006.11.23"]
[SourceVersion "1"]
[SourceVersionDate "2006.11.23"]
[SourceQuality "1"]

1. e4 e5 2. f4 Nc6 3. Nf3 d6 4. d4 exd4 5. Nxd4 Bd7 6. Bc4 g6 7. 0-0 Bg7 8. Be3 Nf6 9. Nc3 0-0 10. Qd3 Ng4 11. Nxc6 Bxc6 12. Bd4 a6 13. Rae1 Bd7 14. h3 Nf6 15. e5 Bf5 16. Qe2 Ne8 17. g4 Be6 18. Rd1 Qc8 19. Bd3 c5 20. Bf2 d5 21. Qf3 d4 22. Ne4 Bd5 23. Qe2 c4 24. Bxd4 cxd3 25. cxd3 f5 26. Rc1 Qd8 27. Ng3 Qh4 28. Qf2 fxg4 29. Bc5 Rf7 30. hxg4 Qxg4 31. Qe3 Bh6 32. Rf2 Bxf4 33. Rxf4 Rxf4 34. Rf1 Rxf1+ 35. Kxf1 Qf3+ 36. Qxf3 Bxf3 37. Kf2 Bd5 38. b3 Nc7 0-1

[Event "Sachsen-Anhalt-ch Seniors 12th"]
[Site "Osterburg"]
[Date "2004.06.17"]
[Round "5"]
[White "Mueller, Heinz1111"]
[Black "Ahlers, Dieter"]
[Result "1-0"]
[WhiteElo "1730"]
[BlackElo "1691"]
[PlyCount "120"]
[EventDate "2004.06.13"]
[EventType "swiss"]
[EventRounds "7"]
[EventCountry "GER"]
[SourceTitle "EXT 2007"]
[Source "ChessBase"]
[SourceDate "2006.11.23"]
[SourceVersion "1"]
[SourceVersionDate "2006.11.23"]
[SourceQuality "1"]

1. d4 Nf6 2. Nf3 e6 3. e3 b6 4. Bd3 Bb7 5. 0-0 d5 6. Nbd2 Bd6 7. c4 0-0 8. b3 dxc4 9. Nxc4 Be4 10. Nxd6 cxd6 11. Bb2 d5 12. Rc1 Nbd7 13. Be2 h6 14. Ne5 Nxe5 15. dxe5 Nd7 16. Ba3 Re8 17. Bd6 Qg5 18. f3 Qxe3+ 19. Kh1 Bg6 20. Bb5 Nxe5 21. Bxe8 Nd3 22. Bb5 Nf2+ 23. Rxf2 Qxf2 24. Qe2 Qd4 25. Be5 Qb4 26. Bb2 Rd8 27. Bd3 Bxd3 28. Qxd3 Qd6 29. Qd4 f6 30. f4 Re8 31. Qa4 Qe7 32. Qc6 Kf7 33. f5 exf5 34. Qxd5+ Kg6 35. Qd1 Qe2 36. Qxe2 Rxe2 37. Rb1 b5 38. Kg1 a6 39. a4 bxa4 40. bxa4 Rc2 41. a5 f4 42. Bd4 Ra2 43. Bb6 Kf5 44. Rf1 g5 45. g3 Ra4 46. gxf4 Rxf4 47. Rc1 Ra4 48. Bd8 Rd4 49. Rf1+ Kg4 50. Bxf6 Rd5 51. Bc3 h5 52. Kg2 h4 53. Rf6 Rc5 54. h3+ Kh5 55. Bd2 Rc2 56. Rd6 Rc5 57. Rxa6 Rd5 58. Be3 Rb5 59. Ra8 Rb2+ 60. Bf2 Ra2 1-0

[Event "Sachsen-Anhalt-ch Seniors 12th"]
[Site "Osterburg"]
[Date "2004.06.14"]
[Round "2"]
[White "Ahlers, Dieter"]
[Black "Schulz, Eugen"]
[Result "1/2-1/2"]
[WhiteElo "1691"]
[BlackElo "1768"]
[PlyCount "45"]
[EventDate "2004.06.13"]
[EventType "swiss"]
[EventRounds "7"]
[EventCountry "GER"]
[SourceTitle "EXT 2007"]
[Source "ChessBase"]
[SourceDate "2006.11.23"]
[SourceVersion "1"]
[SourceVersionDate "2006.11.23"]
[SourceQuality "1"]

1. d4 Nf6 2. c4 e5 3. Bg5 exd4 4. Qxd4 Be7 5. Nc3 0-0 6. Nf3 h6 7. Bh4 Nc6 8. Qd2 d6 9. e3 Bf5 10. Be2 g5 11. Bg3 Ne4 12. Nxe4 Bxe4 13. Bd3 Bxd3 14. Qxd3 Bf6 15. Qd2 Qe7 16. 0-0 Qe4 17. Rac1 h5 18. h3 g4 19. hxg4 Qxg4 20. Nh2 Qg6 21. Nf3 Qg4 22. Nh2 Qg6 23. Nf3 1/2-1/2